DLOs in a changing environment (Record no. 7027)
[ view plain ]
| 000 -LEADER | |
|---|---|
| fixed length control field | 00737cab a2200193 4500 |
| 001 - CONTROL NUMBER | |
| control field | ABS38505 |
| 008 - FIXED-LENGTH DATA ELEMENTS--GENERAL INFORMATION | |
| fixed length control field | 090401t1988 xxu||||| |||| 00| 0 eng d |
| 035 ## - SYSTEM CONTROL NUMBER | |
| System control number | (Sirsi) u11024 |
| 041 ## - LANGUAGE CODE | |
| Language code of text/sound track or separate title | eng |
| 100 ## - MAIN ENTRY--PERSONAL NAME | |
| Personal name | Ruddock, L. |
| 245 ## - TITLE STATEMENT | |
| Title | DLOs in a changing environment |
| 260 ## - PUBLICATION, DISTRIBUTION, ETC. | |
| Date of publication, distribution, etc. | 1988 |
| 350 ## - PRICE (NR) (BK AM CF MU VM SE) [OBSOLETE] | |
| Price | 0 |
| 490 ## - SERIES STATEMENT | |
| Series statement | Building Technology & Management |
| Volume/sequential designation | 25(6) December 1987/January 1988, 20-23(3) |
| 520 ## - SUMMARY, ETC. | |
| Summary, etc. | Discusses the powers of the SoS Environment under the Local Government Planning and Land Act 1980 to demand reports on and ultimately close direct labour organisations if they fail to meet the requirements of the act so creating a more competitive climate. |
| 690 ## - LOCAL SUBJECT ADDED ENTRY--TOPICAL TERM (OCLC, RLIN) | |
| Topical term or geographic name as entry element | BUILT ENVIRONMENT |
| 942 ## - ADDED ENTRY ELEMENTS (KOHA) | |
| Suppress in OPAC | 0 |
| 948 ## - LOCAL PROCESSING INFORMATION (OCLC); SERIES PART DESIGNATOR (RLIN) | |
| c (OCLC) | 04/03/1997 |
| Withdrawn status | Lost status | Source of classification or shelving scheme | Damaged status | Not for loan | Home library | Current library | Shelving location | Date acquired | Total Checkouts | Full call number | Barcode | Date last seen | Copy number | Price effective from | Koha item type |
|---|---|---|---|---|---|---|---|---|---|---|---|---|---|---|---|
| Dewey Decimal Classification | London | London | Journal article | 14/09/1999 | ABS38505 | 11024-1001 | 06/08/2019 | 1 | 06/08/2019 | Journal article |